=LDR 00000nam 2200000 4500 =001 INLIS000000000013904 =005 20130612105225 =008 ***********************************Ind** =035 ##$$0010-061300000013904 =041 ##$$a Ind =082 ##$$a F Rom D =090 ##$$a F Rom D, Ham m =100 ##$$a Hamzah, A. Adjib =245 ##$$a Merebut nasib, A. Adjib Hamzah =260 ##$$a 2000 $b Bandung =300 ##$$a 87 hlm, Ilus, 21 cm =650 ##$$a Fiksi dewasa - Indonesia =850 ##$$a NBPNMAT